Inteligência artificial e fundamentação : (Record no. 21)

MARC details
000 -LÍDER
Campo Fixo de Controle 00976cam a2200265 a 4500
001 - NÚMERO DE CONTROLE
Campo de Controle 21
003 - IDENTIFICAÇÃO DO NÚMERO DE CONTROLE
Campo de Controle BR-CuiBMT
005 - DATA E HORA DA ÚLTIMA ATUALIZAÇÃO
Campo de Controle 20231117021054.0
008 - DADOS FIXOS
Dados Fixos 230728s2022 mgb 000 0 por d
020 ## - INTERNATIONAL STANDARD BOOK NUMBER
Nº do ISBN 9786555184143
040 ## - AGÊNCIA CATALOGADORA
Código da Agência Catalogadora BR-CuiBMT
Agência que transcreveu o registro BR-CuiBMT
080 ## - Nº DA CLASSIFICAÇÃO DECIMAL UNIVERSAL
Nº edição CDU 2007
Nº Class. CDU 342.9:004.8
Subd. Auxiliar Comum (81)
090 ## - NÚMERO DE CHAMADA
Nº classificação 342.9:004.8(81)
Cutter T266i
100 1# - ENTRADA PRINCIPAL -- AUTOR PESSOAL
Nome pessoal Teixeira, Alan José de Oliveira
245 10 - TÍTULO PRINCIPAL
Título principal Inteligência artificial e fundamentação :
Subtítulo limites e possibilidades às decisões administrativas e judiciais no Brasil /
Indicação de responsabilidade Alan José de Oliveira Teixeira ; José Sérgio Cristóvam prefácio.
260 ## - PUBLICAÇÃO, DISTRIBUIÇÃO, ETC.
Local de publicação Belo Horizonte :
Editora Fórum,
Data 2022.
300 ## - DESCRIÇÃO FÍSICA
N. páginas ou volumes 178 p. ;
Dimensões 22 cm
504 ## - NOTA DE BIBLIOGRAFIA, ETC.
Nota de bibliografia Inclui bibliografia.
650 ## - ASSUNTO TÓPICO
Cabeçalho tópico ou nome geográfico Inteligência artificial
Subdivisão geral Aspectos jurídicos
650 ## - ASSUNTO TÓPICO
Cabeçalho tópico ou nome geográfico Tecnologia
Subdivisão geral Aspectos jurídicos
650 ## - ASSUNTO TÓPICO
Cabeçalho tópico ou nome geográfico Direito administrativo
Subdivisão geral Tecnologia
650 ## - ASSUNTO TÓPICO
Cabeçalho tópico ou nome geográfico Direito processual civil
Subdivisão geral Tecnologia
650 ## - ASSUNTO TÓPICO
Cabeçalho tópico ou nome geográfico Sociedade
Subdivisão geral Direito público
942 ## - ELEMENTOS DE ENTRADA ADICIONAIS (KOHA)
Fonte de classificação ou esquema de arquivamento Classificação Decimal Universal
Tipo de item do Koha Livros
Holdings
Estado: removido Estado: perdido Fonte de classificação ou esquema de arquivamento Estado: danificado Indisponível para empréstimo Localização permanente Localização atual Data de aquisição Total Checkouts Número de Chamada completo Código de barras Date last seen Número do exemplar Preço efetivo a partir de Tipo de item (Koha)
    Classificação Decimal Universal     Biblioteca da Escola Superior de Contas do TCE/MT Biblioteca da Escola Superior de Contas do TCE/MT 28/06/2023   342.9:004.8(81) T266i BIBTCEMT23070023 28/07/2023 Ex. 1 28/07/2023 Livros

Powered by Koha